000 00719nam a2200241 a 4500
001 000013583
005 20200929163258.0
008 091125s1994 sp 000 f spa d
020 _a8420646334
040 _aDO-SdBNP
_bspa
_cBNPHU
082 _a849.95
_bR695m
100 1 _aRodoreda, Mercè,
_d1908-1983
_94032
245 1 0 _aMi cristina, el mar /
_cMercè Rodoreda; traducción José Batlló.
260 _aMadrid :
_bAlianza,
_c1994.
300 _a59 p. ;
_c15 cm.
490 1 _aAlianza cien
_v33
500 _aLibro de bolsillo
650 4 _aNovela catalana
_919902
650 4 _aLiteratura catalana
_93128
700 1 _aBatlló, José
_etrad.
_930978
740 3 _aEl mar
830 0 _aAlianza cien ;
_v33
_912832
999 _c13202
_d13202